000 01863nam a2200253Ia 4500
008 260220t1980||||xx |||||||||||||| ||spa||
040 _aPY-SlUNAC
_bspa
_erda
041 _aspa
082 _a543
_bSk55i
100 _aSkoog, Douglas
_eAutor
245 0 _aIntroducción a la química analítica /
_cpor Douglas Skoog [Autor] y Donald M. West [Autor]
264 _aBarcelona :
_bReverté,
_c℗1980.
300 _a1 volumen
520 _a"Introducción a la química analítica" de Douglas Skoog es una obra fundamental que aborda los principios y técnicas esenciales de la química analítica, facilitando la comprensión de los métodos utilizados para la identificación y cuantificación de sustancias químicas. El texto se estructura en torno a conceptos clave, como la precisión, exactitud y la importancia de la calibración en los análisis, así como la aplicación de la química analítica en diversas disciplinas. Skoog enfatiza la relevancia de las técnicas instrumentales y volumétricas, ofreciendo ejemplos prácticos que ilustran la teoría en contextos reales. El autor también dedica secciones a la estadística aplicada en la química, lo que permite al lector evaluar la calidad de los datos obtenidos. La obra es accesible tanto para estudiantes como para profesionales, presentando un enfoque didáctico que promueve un aprendizaje profundo de la química analítica. Con su estilo claro y estructurado, "Introducción a la química analítica" se convierte en un recurso valioso para el desarrollo de habilidades analíticas.
653 _aMétodos analíticos
653 _aQuímica
653 _aQuímica analítica
700 _aWest, Donald M.
_eAutor
942 _b2026/02/17
_cBK
999 _c7896
_d7896